|
|
|
|
| LEADER |
01103nam a22002651 4500 |
| 001 |
c000184689 |
| 003 |
CARM |
| 005 |
20050214103125.0 |
| 008 |
870211s1964 dk || | eng d |
| 019 |
1 |
|
|a 26196046
|5 LACONCORD2021
|
| 035 |
|
|
|a (OCoLC)187343274
|5 LACONCORD2021
|
| 040 |
|
|
|a PU
|b eng
|c PSt
|d CStRLIN
|d VU
|
| 100 |
1 |
|
|a Poulsen, Valdemar.
|
| 245 |
1 |
0 |
|a Contribution to the Lower and Middle Cambrian paleontology and stratigraphy of northwest Greenland.
|
| 260 |
|
|
|a København,
|b Bianco Lunos Bogtrykkeris A/S,
|c 1964.
|
| 300 |
|
|
|a 105 p.
|b illus., maps, plates (1 fold.).
|c 28 cm.
|
| 500 |
|
|
|a "Reprinted from Meddelelser om Grønland, bd. 164, nr. 6".
|
| 504 |
|
|
|a Bibliography: p. [103]-105.
|
| 650 |
|
0 |
|a Geology, Stratigraphic
|y Cambrian.
|
| 650 |
|
0 |
|a Geology
|z Greenland.
|
| 650 |
|
0 |
|a Paleontology
|y Cambrian.
|
| 650 |
|
0 |
|a Paleontology
|z Greenland.
|
| 852 |
8 |
|
|b CARM
|h A2:AO19G0
|i C06945
|p 0240149
|f BK
|
| 999 |
f |
f |
|i 0759e513-e473-5a10-b183-39506ed39814
|s 991d13ac-20c7-5336-83c4-4772b45b0dcf
|
| 952 |
f |
f |
|p Can circulate
|a CAVAL
|b CAVAL
|c CAVAL
|d CARM 1 Store
|e C06945
|f A2:AO19G0
|h Other scheme
|i book
|m 0240149
|